000 00952nam a2200229Ii 4500
003 JO-AjNU
008 230605s9999||||xx |||||||||||||| ||und||
017 _a2002/12/2856
020 _a9953-441-95-2
040 _aJO-AjNU
_bara
_erda
_cJO-AjNU
041 _aara
050 1 4 _aHV6432 .Z3422 2003
100 3 _aزلوم، عبد الحي يحيى ,
_eauthor
_956363
245 0 0 _aامبراطورية الشر الجديدة: الارهاب الدولي ضد الاسلام =Painting Islam as the new enemy
250 _aط العربية 1
264 3 1 _aبيروت: المؤسسة العربية للدراسات والنشر، 2003
300 _a432ص
_bيحتوي على ببلوغرافية 432ص
336 _atext
_btxt
_2rdacontent
337 _aunmediated
_bn
_2rdamedia
338 _avolume
_bnc
_2rdacarrier
650 4 _aالنزاع العربي الإسرائيلي - الاسلام والغرب -الارهاب الدولي
_956364
999 _aA25194
_c28762
_d28762